| 000 | 00388nam a2200145Ia 4500 | ||
|---|---|---|---|
| 008 | 231129s2012||||xx |||||||||||||| ||spa|| | ||
| 020 | _a978-968-16-6423-7 | ||
| 040 | _bspa | ||
| 082 | _a(i) 833 H468c | ||
| 100 | _aHeine Helme | ||
| 245 | 0 | _aCuentas de elefante | |
| 260 | _c2012 | ||
| 264 | _aMéxico : Fondo de Cultura Económica | ||
| 942 |
_2ddc _cBKS |
||
| 999 |
_c2438 _d2438 |
||